000 02227nam a22002777a 4500
003 AR-RoUNCS
005 20260225134427.0
008 220712s2019 ag jr 000 f spa
015 _aAR-2019
020 _a978-987-92918-60-7
040 _aAR-BaBN
_bspa
_cAR-RoUNCS
_eaacr
041 1 _aspa
_heng
080 1 _a82-312.9(73)
_22016
100 1 _aHenning, Sarah
_eautora
_4aut
245 1 3 _aLa bruja del mar /
_cSarah Henning ; traducción de María Laura Saccardo.
250 _a1a ed.
260 _aCiudad Autónoma de Buenos Aires :
_bPuck,
_c2019.
300 _a345 p. ;
_c22 cm.
500 _aEn tapa: «Antes de apoderarse de la voz de la sirena, renunció a su propio corazón».
520 3 _aTodo el mundo sabe lo que pasa al final. Una sirena, un príncipe, un beso de amor verdadero. Pero antes de la historia de esa joven sirena, existieron tres amigos. Uno temido, uno real y uno que ya estaba muerto. Desde que su mejor amiga, Anna, se ahogó, Evie ha sido marginada en su pequeño pueblo de pescadores. Una anormal. Una maldición. Una bruja. Una chica con un extraño parecido con Anna aparece en la costa y, aunque ella lo niega, Evie está convencida de que su mejor amiga sobrevivió y que su propia magia no era tan ineficaz después de todo. Cuando las chicas captan los ojos –y los corazones– de dos encantadores príncipes, Evie cree que por fin podría tener su «felices por siempre». Pero la chica nueva tiene sus propios secretos. No puede quedarse en Havnestad, o mantenerse en dos piernas, a menos que Evie encuentre una manera de ayudarla. Ahora, Evie hará cualquier cosa para salvar la humanidad de su amiga y el corazón de su príncipe, aprovechando el poder de su magia, su océano y su amor, hasta que descubra, demasiado tarde, a lo que en realidad ha renunciado. Wicked se fusiona con La sirenita en esta cautivadora historia sobre el origen de la villana más icónica del océano, perfecta para los fans de Sin corazón y Dorothy debe morir.
_c(Descripción del editor).
650 7 _2embne
_aLiteratura norteamericana
655 7 _aNovelas fantásticas
_2embne
655 7 _aNovelas juveniles
_2embne
700 1 _aSaccardo, María Laura
_etraductora
_4trl
942 _2udc
_cOG
_n0
999 _c917
_d917